000 00885cam a22003017a 4500
003 CHAP
005 20220329133707.0
008 971013s1991 r 00010 d
010 _a9590
011 _a10562
035 _a9799
040 _cCHAP
082 _a551.5
_bC37
100 0 0 _aCarpenter, Clive.
_919274
245 1 4 _aThe changing world of weather
260 _aNew York :
_bFacts on File,
_c1991
300 _a191 p.
_b: ilus
590 _aBATCH-UPD
_b10
_c20130110
_lUCH01
_h1053
590 _aBATCH-UPD
_b10
_c20130410
_lUCH01
_h0649
590 _aBATCH-UPD
_b10
_c20130913
_lUCH01
_h2343
590 _aCONVERSION
_b10
_c20130109
_lUCH01
_h1306
650 1 4 _aAgua.
_92222
650 1 4 _aCambios climáticos.
_917792
650 1 4 _aClimatologĂ­a.
_923864
901 _aBK
942 _cLIBRO
949 _a551.5 C37
_bBC
_cLIBRO
_d33724000456810
_eLIBRO
_gI.c/e
_h86261
_i9799
_si
_t86.00
999 _c9590
_d9590